Najlepsi asystenci dekady w top 5 ligach piłkarskich - Statystyki

Ogólne statystyki
  • Ten quiz został rozwiązany 303 razy
  • Średni wynik to 5 z 10
Statystyki odpowiedzi
Asysty Piłkarz % Poprawnych
136 Lionel Messi
94%
95 Cristiano Ronaldo
87%
93 Kevin De Bruyne
75%
103 Thomas Muller
56%
90 Luis Suarez
49%
106 Mesut Ozil
43%
108 Angel Di Maria
28%
94 David Silva
25%
89 Cesc Fabregas
18%
93 Dimitri Payet
2%
Nie znaleziono quizów pasujących do podanych kryteriów
Rozkład punktacji
Procent ludzi z każdym wynikiem
Percentyl według liczby udzielonych odpowiedzi
Twoja historia wyników
Nie rozwiązałeś tego quizu